| 000 | 00542nam a2200181 a 4500 | ||
|---|---|---|---|
| 001 | 10601 | ||
| 003 | CO-ViMGA | ||
| 008 | 141112s2004 ck r 000 u spa d | ||
| 040 |
_aCO-ViMGA _bspa _cCO-ViMGA |
||
| 082 | 0 | 4 | _a914.37 E17c |
| 100 | 1 |
_aMejia ; Guillermo Eastman, _914408 |
|
| 245 | 1 | 0 | _aChecoslovaquia tierra firme del socialismo |
| 260 |
_aPraga : _bAgencia de Prensa Orbis, _c1983 |
||
| 300 | _a202p. | ||
| 650 | 1 | 4 |
_aCHECOSLOVAQUIA - DESCRIPCION _914409 |
| 650 | 1 | 4 |
_aCHECOSLOVAQUIA - PolĂtica Y GOBIERNO _914410 |
| 942 |
_2ddc _cBK |
||
| 999 |
_c21909 _d21909 |
||